Báo cáo phát triển thế giới 2007 : Phát triển và thế hệ kế cận (Sách tham khảo)

Gespeichert in:
Bibliographische Detailangaben
Körperschaft: Ngân hàng thế giới
Format: Buch
Sprache:Undetermined
Veröffentlicht: Hà Nội Văn hóa - Thông tin 2006
Schlagworte:
Tags: Tag hinzufügen
Keine Tags, Fügen Sie den ersten Tag hinzu!
Thư viện lưu trữ: Trung tâm Học liệu Trường Đại học Cần Thơ
LEADER 00701nam a2200205Ia 4500
001 CTU_117347
008 210402s9999 xx 000 0 und d
082 |a 305.242 
082 |b Ng122h 
110 |a Ngân hàng thế giới 
245 0 |a Báo cáo phát triển thế giới 2007 : 
245 0 |b Phát triển và thế hệ kế cận (Sách tham khảo) 
245 0 |c Ngân hàng thế giới; biên dịch Vũ Cương ... [et al.] 
260 |a Hà Nội 
260 |b Văn hóa - Thông tin 
260 |c 2006 
650 |a Teenagers,Youth 
650 |x Development 
904 |i Vuong 
980 |a Trung tâm Học liệu Trường Đại học Cần Thơ